Người gieo hy vọng : Một tác phẩm giáo dục vì con người
Sách giới thiệu 95 bài viết về công việc thường ngày rất khó khăn vất vả nhưng cũng đầy cảm hứng của nhà giáo, cũng như những suy nghĩ sâu sắc và chân thành về nghề giáo....
Сохранить в:
| Главный автор: | |
|---|---|
| Другие авторы: | |
| Формат: | |
| Язык: | Vietnamese |
| Опубликовано: |
H.
Lao động
20017
|
| Редактирование: | Tái bản lần 3 |
| Предметы: | |
| Метки: |
Добавить метку
Нет меток, Требуется 1-ая метка записи!
|
| Thư viện lưu trữ: | Thư viện Trường Đại học Nam Cần Thơ |
|---|
| LEADER | 01578nam a22002537a 4500 | ||
|---|---|---|---|
| 001 | NCT_55399 | ||
| 008 | 181115b xxu||||| |||| 00| 0 vie d | ||
| 999 | |c 2668 |d 2668 | ||
| 020 | |a 9786045985977 |c 98000 | ||
| 082 | 0 | 4 | |2 23rd ed. |a 371.1023 |b G885 |
| 100 | 1 | |a Gruwell, Erin | |
| 245 | 1 | 0 | |a Người gieo hy vọng : |b Một tác phẩm giáo dục vì con người |c Erin Gruwell ; Hoàng Mai Hoa (dịch) |
| 250 | |a Tái bản lần 3 | ||
| 260 | |a H. |b Lao động |c 20017 | ||
| 300 | |a 372 tr. |c 21cm | ||
| 520 | 3 | |a Sách giới thiệu 95 bài viết về công việc thường ngày rất khó khăn vất vả nhưng cũng đầy cảm hứng của nhà giáo, cũng như những suy nghĩ sâu sắc và chân thành về nghề giáo.... | |
| 653 | |a Sách tham khảo | ||
| 700 | 1 | |a Hoàng Mai Hoa |e Dịch | |
| 942 | |2 ddc |c BK | ||
| 952 | |0 0 |1 0 |2 ddc |4 0 |6 371_102300000000000_G885 |7 0 |9 14878 |a 000001 |b 000001 |d 2018-11-15 |o 371.1023 G885 |p TK.00486 |r 2018-11-15 |v 98000.00 |w 2018-11-15 |y BK | ||
| 952 | |0 0 |1 0 |2 ddc |4 0 |6 371_102300000000000_G885 |7 0 |9 14879 |a 000001 |b 000001 |d 2018-11-15 |o 371.1023 G885 |p TK.00487 |r 2018-11-15 |v 98000.00 |w 2018-11-15 |y BK | ||
| 952 | |0 0 |1 0 |2 ddc |4 0 |6 371_102300000000000_G885 |7 0 |9 14880 |a 000001 |b 000001 |d 2018-11-15 |o 371.1023 G885 |p TK.01202 |r 2018-11-15 |v 98000.00 |w 2018-11-15 |y BK | ||
| 952 | |0 0 |1 0 |2 ddc |4 0 |6 371_102300000000000_G885 |7 0 |9 14881 |a 000001 |b 000001 |d 2018-11-15 |o 371.1023 G885 |p TK.01203 |r 2018-11-15 |v 98000.00 |w 2018-11-15 |y BK | ||
| 980 | |a Thư viện Trường Đại học Nam Cần Thơ | ||


